000 00263nam a2200121Ia 4500
008 241002s9999 xx 000 0 und d
082 _a792.2 SHA
100 _aShaw Bernand
245 0 _aMan Superman
260 _aNew York:
_c1957
600 _aArt
942 _cUC
999 _c18664
_d18664